| 000 | 00571aam a2200217 4500 | ||
|---|---|---|---|
| 005 | 20250729141332.0 | ||
| 008 | 150805b1994 xxu||||| |||| 00| 0 spa d | ||
| 020 | _a9977290431 | ||
| 041 | _aESP | ||
| 082 | _a333.6 T455d | ||
| 100 |
_aThomas Gallardo, Frank _918208 |
||
| 245 | _aDeveloping and managing profitable rental real Estate in Costa Rica | ||
| 260 | _aCosta Rica | ||
| 260 | _bTexto | ||
| 260 | _c1994 | ||
| 300 | _a64 páginas | ||
| 490 | _aDirección y Administración de Empresas | ||
| 650 | _aCOSTA RICA | ||
| 650 | _aALQUILERES | ||
| 942 |
_cBK _2ddc |
||
| 999 |
_c519 _d519 |
||